Statistics for Which City in the United States?

Click here to take the quiz!

General Stats

  • This quiz has been taken 16,258 times
    (16,193 since last reset)
  • The average score is 17 of 29

Answer Stats

Description City % Correct
Its airport code is LAXLLos Angeles
99%
Where the Seahawks playSSeattle
93%
1773 Tea PartyBBoston
93%
Has the most Cuban-AmericansMMiami
89%
"Sin City"LLas Vegas
89%
Liberty Bell localePPhiladelphia
87%
Has lost more than a million
residents since 1950
DDetroit
86%
Despite its nickname, this city's
wind speed is typical
CChicago
85%
"The City by the Bay"SSan Francisco
82%
Has the world's busiest airportAAtlanta
81%
Biggest city in New MexicoAAlbuquerque
76%
Famous Colorado ski townAAspen
76%
It was hurt by Hurricane HarveyHHouston
69%
2002 Winter Olympics host citySSalt Lake City
63%
Edgar Allan Poe lived hereBBaltimore
62%
"The Gateway to the West"SSt. Louis
61%
Its federal building was
bombed in 1995
OOklahoma City
61%
Most populous city whose name
starts with "Fort"
FFort Worth
56%
Across the border from Ciudad JuárezEEl Paso
56%
Capital of the least populous stateCCheyenne
56%
Least populous city home to a
major pro sports team
GGreen Bay
43%
Wyoming city named after Buffalo BillCCody
31%
Largest city on the shores
of Lake Superior
DDuluth
30%
Biggest city on Hawaii,
aka the Big Island
HHilo
26%
Elvis was born hereTTupelo
23%
City near Acadia National ParkBBar Harbor
21%
Capital of the U.S. Virgin IslandsC{Charlotte} Amalie
17%
This ghost town in "Central" PA has
had an ongoing mine fire since 1962
CCentralia
12%
Biggest city in the Northern MarianasSSaipan
10%

Score Distribution

Percentile by Number Answered

Percent of People with Each Score

Your Score History

You have not taken this quiz since the last reset